|
|
|
|
| LEADER |
00000cam a2200000 7i4500 |
| 001 |
0000003598 |
| 005 |
20021118093000.0 |
| 008 |
021118n |
| 090 |
0 |
0 |
|a QH313
|b .A515
|
| 100 |
0 |
|
|a Anees, Munawar Ahmad ,
|e author
|
| 245 |
0 |
0 |
|a Islam dan masa depan biologis umat manusia :
|b etika, gender, teknologi
|c Munawar Ahmad Anees
|
| 260 |
2 |
|
|a Bandung :
|b Penerbit Mizan ,
|c 1991
|
| 300 |
|
|
|a 268 ms. ; ;
|c 25 sm.
|
| 440 |
0 |
0 |
|a Seri peradaban Islam
|
| 500 |
|
|
|a Terjemahan: Islam and biogical futures
|
| 504 |
|
|
|a Mengandungi bibliografi: ms. 239-258 dan indeks
|
| 650 |
|
0 |
|a Biology
|x Religious aspects
|x Islam
|
| 999 |
|
|
|a 1000032581
|b Book
|c OPEN SHELF (30 DAYS)
|e Tembila Campus
|